000 00382 a2200121 4500
001 ART_45094
005 20260410162038.0
008 260409a
245 1 0 _aFerroviarios y zapleros de Jujuy
100 1 _aBergesio, Liliana
700 1 _aGolovanevsky, Laura
773 0 _tRevista de estudios regionales y mercado de trabajo
_g- NÂș 6 (ene./dic. 2010)
_wREV44894
999 _c34664
_d34664